000
00281nam a22001337a 4500
082
_a
823
_b
RAM/L
100
_a
RAM K, S
100
_a
PAUL, G
245
_a
LEARNING TO COMMUNICATE
260
_a
DELHI
_b
OXFORD
_c
2000
300
_a
103
650
_a
ENGLISH STORY
_z
INDIA
942
_c
BK
999
_c
7382
_d
7382